| 000 | 00457nam a22001697a 4500 | ||
|---|---|---|---|
| 005 | 20140310183650.0 | ||
| 008 | 140113b xxu||||| |||| 00| 0 eng d | ||
| 020 | _a9789381460054 | ||
| 050 |
_aTX 911.3.S4 _b.Si617 2012 |
||
| 100 | _aSingh, Neelam | ||
| 245 |
_aHospitality security services / _cNeelam Singh. |
||
| 260 |
_aNew Delhi : _bCentrum Press, _c2012. |
||
| 300 |
_a254 p. : _c22 cm. |
||
| 521 | _aTOU | ||
| 942 |
_2lcc _cBK _kFOR |
||
| 999 |
_c26050 _d26050 |
||